Países começados por C - Statistics

Estatísticas Gerais
  • Esse quiz foi jogado 57 vezes
  • A pontuação média é 15 de 19
Estatísticas das Respostas
Resposta % Correto
Colômbia
94%
China
91%
Camarões
87%
Canadá
87%
Chile
87%
Cazaquistão
85%
Croácia
83%
Cuba
81%
Coreia do Norte
79%
Coreia do Sul
79%
Camboja
77%
Comores
72%
Costa Rica
72%
Cabo Verde
70%
Chade
70%
Congo
70%
Costa do Marfim
66%
Chipre
64%
Catar
60%
Nenhum quiz correspondente encontrado
Distribuição das Pontuações
Porcentagem de Pessoas com Cada Pontuação
Percentil de Números Respondidos
Sua Pontuação Histórica
Você não jogou esse quiz